<?xml version="1.0" encoding="UTF-8"?>
<record
    xmlns:xsi="http://www.w3.org/2001/XMLSchema-instance"
    xsi:schemaLocation="http://www.loc.gov/MARC21/slim http://www.loc.gov/standards/marcxml/schema/MARC21slim.xsd"
    xmlns="http://www.loc.gov/MARC21/slim">

  <leader>01433cam a2200277 a 4500</leader>
  <controlfield tag="001">000012147</controlfield>
  <controlfield tag="005">20200929162721.0</controlfield>
  <controlfield tag="008">980803s1996    sp a     b   s001 0 spa  </controlfield>
  <datafield tag="020" ind1=" " ind2=" ">
    <subfield code="a">8478203214</subfield>
    <subfield code="z">84782031214</subfield>
  </datafield>
  <datafield tag="035" ind1=" " ind2=" ">
    <subfield code="a">(SpBaP)pu 970007622</subfield>
  </datafield>
  <datafield tag="040" ind1=" " ind2=" ">
    <subfield code="a">DO-SdBNP</subfield>
    <subfield code="c">DLC</subfield>
  </datafield>
  <datafield tag="043" ind1=" " ind2=" ">
    <subfield code="a">e-sp---</subfield>
  </datafield>
  <datafield tag="050" ind1="0" ind2="0">
    <subfield code="a">DP402.S317</subfield>
    <subfield code="b">Z37 1996</subfield>
  </datafield>
  <datafield tag="082" ind1=" " ind2=" ">
    <subfield code="a">nnn</subfield>
    <subfield code="b">Z36</subfield>
  </datafield>
  <datafield tag="245" ind1="0" ind2="0">
    <subfield code="a">Zaragoza, 1940-1960 :</subfield>
    <subfield code="b">cultura, econom&#xED;a y sociedad /</subfield>
    <subfield code="c">coordinadora, Mar&#xED;a del Carmen Lacarra Ducay.</subfield>
  </datafield>
  <datafield tag="260" ind1=" " ind2=" ">
    <subfield code="a">Zaragoza :</subfield>
    <subfield code="b">Instituci&#xF3;n Fernando el Cat&#xF3;lico,</subfield>
    <subfield code="c">1996.</subfield>
  </datafield>
  <datafield tag="300" ind1=" " ind2=" ">
    <subfield code="a">105 p. :</subfield>
    <subfield code="b">il. ;</subfield>
    <subfield code="c">24 cm.</subfield>
  </datafield>
  <datafield tag="490" ind1="1" ind2=" ">
    <subfield code="a">Instituci&#xF3;n Fernando el Cat&#xF3;lico</subfield>
    <subfield code="v">1713</subfield>
  </datafield>
  <datafield tag="504" ind1=" " ind2=" ">
    <subfield code="a">Incluye referencias bibliogr&#xE1;ficas.</subfield>
  </datafield>
  <datafield tag="505" ind1="0" ind2=" ">
    <subfield code="a">La sociedad zaragozana, 1943-1960 / por Eloy Fern&#xE1;ndez Clemente -- La vida literaria zaragozana, 1943-1960 / por D&#xE1;maso Santos Guti&#xE9;rrez -- Pertinaz sequ&#xED;a : la econom&#xED;a aragonesa entre 1940 y 1960 / por Luis Germ&#xE1;n Zubero -- Zaragoza en los a&#xF1;os 1940-1950 / por Regino Borobio Navarro -- Las artes pl&#xE1;sticas en Arag&#xF3;n, 1943-1960 / por &#xC1;ngel Azpeitia Burgos -- Conferencia-concierto sobre Pablo Bruna y Gaspar Sanz / estudiados por Pedro Calahorra Mart&#xED;nez.</subfield>
  </datafield>
  <datafield tag="651" ind1=" " ind2="0">
    <subfield code="a">Zaragoza (Spain{Rpara}</subfield>
    <subfield code="x">Civilization.</subfield>
    <subfield code="9">28709</subfield>
  </datafield>
  <datafield tag="700" ind1="1" ind2=" ">
    <subfield code="a">Lacarra Ducay, Mar&#xED;a del Carmen.</subfield>
    <subfield code="e">coor.</subfield>
    <subfield code="9">8803</subfield>
  </datafield>
  <datafield tag="830" ind1=" " ind2="0">
    <subfield code="a">Instituci&#xF3;n Fernando el Cat&#xF3;lico ;</subfield>
    <subfield code="v">1713.</subfield>
    <subfield code="9">16722</subfield>
  </datafield>
  <datafield tag="910" ind1=" " ind2=" ">
    <subfield code="a">Catalogaci&#xF3;n por copia / LC</subfield>
  </datafield>
  <datafield tag="049" ind1=" " ind2=" ">
    <subfield code="a">BNGR</subfield>
  </datafield>
  <datafield tag="952" ind1=" " ind2=" ">
    <subfield code="0">0</subfield>
    <subfield code="1">0</subfield>
    <subfield code="5">2</subfield>
    <subfield code="7">0</subfield>
    <subfield code="8">MO</subfield>
    <subfield code="a">GR</subfield>
    <subfield code="b">GR</subfield>
    <subfield code="c">CT</subfield>
    <subfield code="d">2009-11-05</subfield>
    <subfield code="i">LF1</subfield>
    <subfield code="l">0</subfield>
    <subfield code="o">nnn Z36</subfield>
    <subfield code="p">12147-10</subfield>
    <subfield code="r">2020-06-25</subfield>
    <subfield code="w">2020-06-25</subfield>
    <subfield code="y">2</subfield>
    <subfield code="Z">Pr&#xE9;stamo interno</subfield>
  </datafield>
  <datafield tag="999" ind1=" " ind2=" ">
    <subfield code="c">11812</subfield>
    <subfield code="d">11812</subfield>
  </datafield>
</record>
